000 00398nam a22001817a 4500
003 NUST
020 _a978-81-239-2632-2
038 _akhadija
082 _a621.815
_bGRO
100 _aGrover , O. P
_983667
245 _aMachine Design /
250 _a6th ed.
260 _aNew Delhi :
_bCBS ,
_c2015.
300 _a616 p. ;
_b24 cm.
500 _aPaperback.
563 _aPB
942 _cBK
_2ddc
999 _c33688
_d33688